=LDR 00000nam 2200000 4500 =001 INLIS000000000013385 =005 20130612104804 =008 ***********************************Ind** =035 ##$$0010-061300000013385 =041 ##$$a Ind =082 ##$$a 375 =090 ##$$a 375, Nas a =100 ##$$a Nasution S =245 ##$$a Asas-Asas kurikulum, Frop. dr. S. Nasution =260 ##$$a 2003 $b Jakarta =300 ##$$a 284 hlm, 21 cm =650 ##$$a Kurikulum - Pendidikan =850 ##$$a NBPNMAT =990 ##$$a 0001/BPAP-NTB/2016